000
00267 a2200145 4500
001
162980
020
_a
040
_c
Magnum
100
_a
-
240
1
0
_a
Casos da regap
_l
por
245
1
0
_a
Casos da regap
362
0
_a
1899
697
_a
IJ/GERAL
942
_c
BK
999
_c
162980
_d
162980